00258nam a22001097a 4500003000500000038001300005082001800018100002200036245003800058260003900096300001300135NUST aM.Ramzan a925.0954bKAL aKalam, APJ Abdul. awings of fire: An autobiography / aIndia:bUniversities Press,c2010. a180 p, :